<?xml version="1.0" encoding="UTF-8"?><?xml-stylesheet type="text/xsl" href="static/style.xsl"?><OAI-PMH xmlns="http://www.openarchives.org/OAI/2.0/" xmlns:xsi="http://www.w3.org/2001/XMLSchema-instance" xsi:schemaLocation="http://www.openarchives.org/OAI/2.0/ http://www.openarchives.org/OAI/2.0/OAI-PMH.xsd"><responseDate>2026-06-01T12:19:59Z</responseDate><request verb="GetRecord" identifier="oai:riuma.uma.es:10630/17855" metadataPrefix="marc">https://riuma.uma.es/rest/oai/request</request><GetRecord><record><header><identifier>oai:riuma.uma.es:10630/17855</identifier><datestamp>2026-02-03T12:17:05Z</datestamp><setSpec>com_10630_2254</setSpec><setSpec>col_10630_37959</setSpec></header><metadata><record xmlns="http://www.loc.gov/MARC21/slim" xmlns:dcterms="http://purl.org/dc/terms/" xmlns:doc="http://www.lyncode.com/xoai" xmlns:xsi="http://www.w3.org/2001/XMLSchema-instance" xsi:schemaLocation="http://www.loc.gov/MARC21/slim http://www.loc.gov/standards/marcxml/schema/MARC21slim.xsd">
   <leader>00925njm 22002777a 4500</leader>
   <datafield ind2=" " ind1=" " tag="042">
      <subfield code="a">dc</subfield>
   </datafield>
   <datafield ind2=" " ind1=" " tag="720">
      <subfield code="a">De-Lucchi-López-Tapia, Yolanda</subfield>
      <subfield code="e">author</subfield>
   </datafield>
   <datafield ind2=" " ind1=" " tag="260">
      <subfield code="c">2019-06-20</subfield>
   </datafield>
   <datafield ind2=" " ind1=" " tag="520">
      <subfield code="a">La gestión eficiente de la alta conflictividad familiar persistente tras el dictado de las medidas personales y patrimoniales en la sentencia del proceso de familia ha llevado a los tribunales a implementar, en sede de ejecución, un nuevo método alternativo de solución de conflictos: la llamada coordinación parental como mecanismo en el que un experto acompaña a los progenitores en la configuración del nuevo régimen familiar con los hijos menores. Aunque la implementación tiene respaldo legal dada la flexibilidad del derecho de familia en nuestro ordenamiento, se hace imprescindible el establecimiento de un régimen jurídico-procesal de este mecanismo. Por ello, el presente trabajo tiene como objetivo destacar la línea jurisprudencial iniciada en torno a la figura del coordinador/a parental, así como resaltar la indefinición en sus funciones, que puede mermar las garantías de las partes en el proceso.</subfield>
   </datafield>
   <datafield ind1="8" ind2=" " tag="024">
      <subfield code="a">https://hdl.handle.net/10630/17855</subfield>
   </datafield>
   <datafield tag="653" ind2=" " ind1=" ">
      <subfield code="a">Conflictos, Gestión de</subfield>
   </datafield>
   <datafield tag="653" ind2=" " ind1=" ">
      <subfield code="a">Familias</subfield>
   </datafield>
   <datafield tag="653" ind2=" " ind1=" ">
      <subfield code="a">Derecho procesal -- Congresos</subfield>
   </datafield>
   <datafield tag="653" ind2=" " ind1=" ">
      <subfield code="a">Justicia</subfield>
   </datafield>
   <datafield tag="653" ind2=" " ind1=" ">
      <subfield code="a">Congresos y conferencias</subfield>
   </datafield>
   <datafield ind2="0" ind1="0" tag="245">
      <subfield code="a">Eficiencia en la gestión de la alta conflictividad postruptura: la coordinación parental</subfield>
   </datafield>
</record>
</metadata></record></GetRecord></OAI-PMH>